Farm Management / (Record no. 16152)
[ view plain ]
| 000 -LEADER | |
|---|---|
| fixed length control field | 01938cam a22003618a 4500 |
| 001 - CONTROL NUMBER | |
| control field | 16497377 |
| 005 - DATE AND TIME OF LATEST TRANSACTION | |
| control field | 20101013114300.0 |
| 008 - FIXED-LENGTH DATA ELEMENTS--GENERAL INFORMATION | |
| fixed length control field | 101006s2011 nyu 000 0 eng |
| 010 ## - LIBRARY OF CONGRESS CONTROL NUMBER | |
| LC control number | 2010041998 |
| 020 ## - INTERNATIONAL STANDARD BOOK NUMBER | |
| International Standard Book Number | 0071086560 |
| 020 ## - INTERNATIONAL STANDARD BOOK NUMBER | |
| International Standard Book Number | 9780071086561 |
| 035 ## - SYSTEM CONTROL NUMBER | |
| System control number | (DNAL)1073894 |
| 040 ## - CATALOGING SOURCE | |
| Original cataloging agency | DNAL/DLC |
| Transcribing agency | DLC |
| 042 ## - AUTHENTICATION CODE | |
| Authentication code | pcc |
| 050 00 - LIBRARY OF CONGRESS CALL NUMBER | |
| Classification number | S561 |
| Item number | .K36 2011 |
| 070 0# - NATIONAL AGRICULTURAL LIBRARY CALL NUMBER | |
| Classification number | S561 |
| Item number | .K362 2011 |
| 082 00 - DEWEY DECIMAL CLASSIFICATION NUMBER | |
| Classification number | 630.68 |
| Edition number | 22 |
| Item number | KAY |
| 100 1# - MAIN ENTRY--PERSONAL NAME | |
| Personal name | Kay, Ronald D. |
| 9 (RLIN) | 27570 |
| 245 10 - TITLE STATEMENT | |
| Title | Farm Management / |
| Statement of responsibility, etc | Ronald D. Kay, William M. Edwards, Patricia A. Duffy. |
| 250 ## - EDITION STATEMENT | |
| Edition statement | 7th ed. |
| 260 ## - PUBLICATION, DISTRIBUTION, ETC. (IMPRINT) | |
| Place of publication, distribution, etc | New York, NY : |
| Name of publisher, distributor, etc | McGraw-Hill, 2011 |
| Date of publication, distribution, etc | 2011. |
| 263 ## - PROJECTED PUBLICATION DATE | |
| Projected publication date | 1101 |
| 300 ## - PHYSICAL DESCRIPTION | |
| Extent | xiv, 466 p. : |
| Other physical details | ill.; |
| Dimensions | 20 cm. |
| 500 ## - GENERAL NOTE | |
| General note | Includes index. |
| 505 0# - FORMATTED CONTENTS NOTE | |
| Formatted contents note | Farm management in the twenty-first century -- Management and decision making -- Acquiring and organizing management information -- Depreciation and asset valuation -- The balance sheet and its analysis -- The income statement and its analysis -- Economic principles-choosing production levels -- Economic principles-choosing input and output combinations -- Cost concepts in economics -- Enterprise budgeting -- Partial budgeting -- Whole-farm planning -- Cash flow budgeting -- Farm business organization and transfer -- Managing risk and uncertainty -- Managing income taxes -- Investment analysis -- Farm business analysis -- Capital and the use of credit -- Land-control and use -- Human resource management -- Machinery management. |
| 650 #0 - SUBJECT ADDED ENTRY--TOPICAL TERM | |
| Topical term or geographic name as entry element | Farm management. |
| 9 (RLIN) | 27571 |
| 700 1# - ADDED ENTRY--PERSONAL NAME | |
| Personal name | Edwards, William M. |
| 9 (RLIN) | 27572 |
| 700 1# - ADDED ENTRY--PERSONAL NAME | |
| Personal name | Duffy, Patricia Ann, |
| Dates associated with a name | 1955- |
| 9 (RLIN) | 27573 |
| 942 ## - ADDED ENTRY ELEMENTS (KOHA) | |
| Source of classification or shelving scheme | Dewey Decimal Classification |
| Item type | Book - Borrowing |
| Withdrawn status | Item status | Source of classification or shelving scheme | Damaged status | Not for loan | Vendor | Home library | Current library | Shelving location | Date acquired | Source of acquisition | Total Checkouts | Total Renewals | Full call number | Barcode | Date last seen | Date last borrowed | Koha item type |
|---|---|---|---|---|---|---|---|---|---|---|---|---|---|---|---|---|---|
| Dewey Decimal Classification | Baccah | Central Library | Central Library | First floor | 24/10/2011 | 1 | 1 | 630.68 KAY | 000025467 | 15/07/2025 | 09/07/2023 | Book - Borrowing | |||||
| Dewey Decimal Classification | Baccah | Central Library | Central Library | First floor | 24/10/2011 | 1 | 22 | 630.68 KAY | 000025468 | 15/07/2025 | 26/09/2019 | Book - Borrowing |